000 00582nam a22001937a 4500
999 _c7765
_d7765
003 OSt
005 20220301144213.0
008 220301b ||||| |||| 00| 0 eng d
020 _a9780195215960
040 _cDDC
082 _a305.42 ENG 2001
100 _aWorld bank
_96730
245 _aEngendering development
_b: through gender equality in rights , resources and voice
260 _aNew york
_b: Oxford university
_c,C2001
300 _axix,364p.
_c; 24 cm
504 _aReferences Index
650 _aWomen in development- developing countries
_915831
942 _2ddc
_cBOOK